000 00577nam a2200241 a 4500
001 nice12345678
003 IN_TiNIC
005 20260116011425.0
008 050524s1934 laha grp 000 0 urd
020 _a
_c100
082 0 0 _a232.9
_bWAR1
100 _aWaris, F D
245 _aEk Khushi Ki Khabar
260 _aLahore
_bPunjab Religious Booksociety
_c1934
300 _a28p
500 _aincludes index and biblioraphy
505 2 _areference
650 _aJesus Christ-Biography
700 1 _aWaris, F D
902 _bSRS
942 _cBK
999 _c1407
_d1407